Národná správa o kultúrnej politike Slovenskej republiky správa skupiny európskych expertov

Gespeichert in:
Bibliographische Detailangaben
Format: Buch
Sprache:Slowakisch
Veröffentlicht: Bratislava Ministerstvo kultúry Slovenskej republiky 2003
Schlagworte:
Tags: Tag hinzufügen
Keine Tags, Fügen Sie das erste Tag hinzu!

MARC

LEADER 00000nam$a2200000$$$4500
001 0018861
005 20240314091244.3
020 |a 80-968317-1-2 
041 0 |a slo 
044 |a SK 
245 1 0 |a Národná správa o kultúrnej politike Slovenskej republiky  |b správa skupiny európskych expertov 
264 1 |a Bratislava  |b Ministerstvo kultúry Slovenskej republiky  |c 2003 
300 |a 474 s. 
610 2 0 |a kultúra 
610 2 0 |a umenie 
610 2 0 |a médiá 
610 2 0 |a múzeá 
610 2 0 |a knižnice 
610 2 0 |a politika 
610 2 0 |a vývoj 
610 2 0 |a história 
610 2 0 |a financovanie 
610 2 0 |a integrácia ekonomická medzinárodná 
610 2 0 |a spolupráca medzinárodná 
610 2 0 |a legislatíva 
610 2 0 |a reformy 
610 2 0 |a správa verejná 
610 2 0 |a správa štátna 
610 2 0 |a Slovensko